1800 1844 1612 1555 1409 1405 1083 1080 1336 1287 1247 1031 1984 1540 1624 1804 1645 1646 1671 1123 1095 1840 1636 1415 1501 1712 1786 1475 1971 1403 1319 1018 1854 1220 1865 1604 1874 1137 1365 1481 1256 1614 1936 1811 1104 1500 1420 1387 1183 1798 1952 1007 1847 1334 1699 1077 1008 1997 1781 1851 1020 1309 1870 1715 1304 1101 1915 1080 1255 1973 1230 1910 1742 1182 1714 1409 1384 1175 1414 1307 1402 1974 1518 1077 1468 1728 1100 1937 1543 1366 1152 1992 1492 1791 1056 1624 1507 1775 1651 BCNSPRNW ULIB Ver.6.0+V

เปลี่ยนเป็นภาษาไทย

Change to English
 แสดงรายละเอียดบรรณานุกรม
  กลับหน้าหลัก

Brief Record : Get Marc (ISO 2709) : E-mail record : QR code < ปิดหน้าต่าง
LEADER : 00000nam 2200000uu 4500
001    13399113577
003     ULIB
008    110627s2551||||th 000 0 tha d
020    9789740957560
090    นว.^bO111ป 2551
100 0  Oresia
245 00 ปาฏิหาริย์รัก คืนคริสต์มาส/^cOresia
250    พิมพ์ครั้งที่ 1
260    กรุงเทพฯ :^bแจ่มใส,^c2551
300    264 หน้า
710 1  แจ่มใส
945    ^p189^l0^i024471
995    ทศพร
999 ^a ใช้งานได้ทุกระบบ
รายการนี้ยังไม่มีแท็ก
คุณยังไม่ได้ล็อกอิน คุณสามารถมีกิจกรรมร่วมกับเว็บไซต์ได้ แต่ต้องล็อกอินก่อน ::
  ล็อกอิน

รายการสื่อสารสนเทศ

ลำดับที่ ประเภท เลขเรียก/บาร์โค้ด สถานที่ สถานะ
1. นวนิยาย
นวนิยาย
นว. O111ป 2551 ฉ.1 
  Barcode: 024471
ห้องสมุดวิทยาเขตสวรรค์ประชารักษ์
►นวนิยาย
ถูกยืม กำหนดส่งวันที่ 20 ตุลาคม 2566
  จอง

รายการใกล้เคียง
    ผู้แต่ง [Oresia]

BibComment


ยังไม่เคยถูกคอมเมนท์

คอมเมนท์ทรัพยากรรายการนี้
  คอมเมนท์: ปาฏิหาริย์รัก คืน..


 Copyright 2026. Bcnsprnw @Library